000 01863cam a2200241 4500500
005 20251228070646.0
041 _afre
042 _adc
100 1 0 _aFabre, Brice
_eauthor
245 0 0 _aLes facteurs politiques des finances publiques locales : un état des lieux
260 _c2019.
500 _a90
520 _aLa décentralisation politique, et plus précisément la question de la structure optimale d’échelons territoriaux, est au cœur du débat public. Ces questions ont occupé une place importante parmi les économistes, notamment dans les Etats fédéraux. Récemment, un ensemble de travaux aborde cette problématique en analysant les facteurs politiques influençant les liens entre les différents niveaux d’autorité locale et les politiques publiques au niveau des territoires. Cet article propose un état des lieux portant notamment sur le résultat de trois articles récents dans le cas français.
520 _aThe optimal structure of political decentralization is key in the public debate. This issue has been the object of many research contributions in economics, especially in federal states. Recently, a whole strand of the literature investigates the political determinants which play a role in relating different local authority levels and public policies at the territory level. This article provides an overview including the results of three recent articles in the French case.
690 _adécentralisation
690 _aéconomie politique
690 _afinances publiques locales
690 _adecentralization
690 _alocal public finance
690 _apolitical economy
786 0 _nVie & sciences de l'entreprise | 206 | 2 | 2019-06-19 | p. 20-36 | 2262-5321
856 4 1 _uhttps://shs.cairn.info/revue-vie-et-sciences-de-l-entreprise-2018-2-page-20?lang=fr&redirect-ssocas=7080
999 _c1593260
_d1593260